000 00280nam a2200109Ia 4500
008 231106s2018 xx 000 0 und d
041 _aeng
100 _aGIOVANNI CIVARDI
245 _aINDIAN BOTANICAL ART: AN ILLUSTRATED HISTORY
260 _bSEARCH PRESS
_c2018
300 _aP-80
999 _c920224
_d920224